Normal view
MARC view
Entry Personal Name
001 - CONTROL NUMBER
- control field: 64356
003 - CONTROL NUMBER IDENTIFIER
- control field: BI-BuBU
005 - DATE AND TIME OF LATEST TRANSACTION
- control field: 20121220114740.0
008 - FIXED-LENGTH DATA ELEMENTS
- fixed length control field: 121220|||a|||||| | ||| d
040 ## - CATALOGING SOURCE
- Original cataloging agency: BI-BuBU
- Transcribing agency: BI-BuBU
100 ## - HEADING--PERSONAL NAME
- Personal name: Nkurunziza, Rémy Marie
670 ## - SOURCE DATA FOUND
- Source citation: Work cat.: (BI-BuBU): aut Nkurunziza, Rémy Marie, Contribution à l'analyse de la qualité de l'eau du lac cohoha, 2011
670 ## - SOURCE DATA FOUND
- Source citation: Work cat.: (BI-BuBU): aut Nkurunziza, Rémy Marie, Contribution à l'analyse de la qualité de l'eau du lac cohoha, 2011